LEADER 02793nam 2200637Ia 450 001 9910452170503321 005 20200520144314.0 010 $a1-281-14319-7 010 $a9786611143190 010 $a1-84642-715-0 035 $a(CKB)1000000000482517 035 $a(EBL)339423 035 $a(OCoLC)191868950 035 $a(SSID)ssj0000107811 035 $a(PQKBManifestationID)11137956 035 $a(PQKBTitleCode)TC0000107811 035 $a(PQKBWorkID)10017596 035 $a(PQKB)10648809 035 $a(MiAaPQ)EBC339423 035 $a(Au-PeEL)EBL339423 035 $a(CaPaEBR)ebr10211706 035 $a(CaONFJC)MIL114319 035 $a(OCoLC)476156197 035 $a(EXLCZ)991000000000482517 100 $a20070402d2007 uy 0 101 0 $aeng 135 $aur|n|---||||| 181 $ctxt 182 $cc 183 $acr 200 10$aAutism and loss$b[electronic resource] /$fRachel Forrester-Jones and Sarah Broadhurst 210 $aLondon ;$aPhiladelphia $cJessica Kingsley Publishers$d2007 215 $a1 online resource (211 p.) 300 $aDescription based upon print version of record. 311 $a1-84985-633-8 311 $a1-84310-433-4 320 $aIncludes bibliographical references. 327 $aFRONT COVER; Autism and Loss; Contents; Foreword by Davied Oliver; Foreword by Zoë Eastop; A note about terminology; 1. Loss and Autism: Changing Ideas, Changing Reactions; 2. Loss of Social Relationships; 3. Loss of Home and Possessions; 4. Loss of Role and Identity; 5. Loss of Health andWellbeing; 6. Loss Through Death; References; Useful websites; BACK COVER; 330 $aPeople with autism often experience difficulty in understanding and expressing their emotions and react to losses in different ways or in ways that carers do not understand. In order to provide effective support, carers need to have the understanding, the skills and appropriate resources to work through these emotional reactions with them. Autism and Loss is a complete resource that covers a variety of kinds of loss, including bereavement, loss of friends or staff, loss of home or possessions and loss of health. Rooted in the latest research on loss and autism, yet written in an accessible sty 606 $aAutism$xPsychological aspects 606 $aLoss (Psychology) 606 $aGrief 608 $aElectronic books. 615 0$aAutism$xPsychological aspects. 615 0$aLoss (Psychology) 615 0$aGrief. 676 $a616.85/882 700 $aForrester-Jones$b R. V. E$0974527 701 $aBroadhurst$b Sarah$f1975-$0974528 801 0$bMiAaPQ 801 1$bMiAaPQ 801 2$bMiAaPQ 906 $aBOOK 912 $a9910452170503321 996 $aAutism and loss$92218851 997 $aUNINA LEADER 01040nam a22002411i 4500 001 991000614009707536 005 20041012093611.0 008 041108s1975 it a||||||||||||||||ita 035 $ab13246914-39ule_inst 035 $aARCHE-117846$9ExL 040 $aDip.to Studi Storici$bita$cA.t.i. Arché s.c.r.l. Pandora Sicilia s.r.l. 082 04$a730.924 100 1 $aNaitza, Salvatore$0176583 245 10$aAlcune considerazioni a proposito di Vincenzo Vela e della scultura dell'Ottocento a Cagliari /$cSalvatore Naitza 260 $aSassari :$bGallizzi,$c1975 300 $aP. 4-14 :$bill. ;$c24 cm 500 $aEstr. da: Studi sardi, v. 23 (1974). 907 $a.b13246914$b02-04-14$c12-11-04 912 $a991000614009707536 945 $aLE023 Misc. Arte I, 3$g1$i2023000065846$lle023$o-$pE3.00$q-$rn$so $t0$u0$v0$w0$x0$y.i13936591$z12-11-04 996 $aAlcune considerazioni a proposito di Vincenzo Vela e della scultura dell'Ottocento a Cagliari$91100641 997 $aUNISALENTO 998 $ale023$b12-11-04$cm$da $e-$fita$git $h0$i1 LEADER 02924oam 2200745Ia 450 001 9910791356203321 005 20190503073353.0 010 $a0-262-26561-3 010 $a0-262-27643-7 010 $a1-282-63821-1 010 $a9786612638213 010 $a0-262-26591-5 024 8 $a3318769 035 $a(CKB)2560000000014312 035 $a(OCoLC)646069120 035 $a(CaPaEBR)ebrary10392383 035 $a(SSID)ssj0000397485 035 $a(PQKBManifestationID)12130114 035 $a(PQKBTitleCode)TC0000397485 035 $a(PQKBWorkID)10355698 035 $a(PQKB)10859301 035 $a(StDuBDS)EDZ0000131129 035 $a(MiAaPQ)EBC3339134 035 $a(OCoLC)646069120$z(OCoLC)643512363$z(OCoLC)649909898$z(OCoLC)729304666$z(OCoLC)743201087$z(OCoLC)816563032$z(OCoLC)961489657$z(OCoLC)962639520$z(OCoLC)988456594$z(OCoLC)992027680$z(OCoLC)1037905603$z(OCoLC)1038623006$z(OCoLC)1045522502$z(OCoLC)1055342557$z(OCoLC)1058748158$z(OCoLC)1061002558$z(OCoLC)1065810390$z(OCoLC)1081207539 035 $a(OCoLC-P)646069120 035 $a(MaCbMITP)8045 035 $a(Au-PeEL)EBL3339134 035 $a(CaPaEBR)ebr10392383 035 $a(CaONFJC)MIL263821 035 $a(EXLCZ)992560000000014312 100 $a20100706d2010 uy 0 101 0 $aeng 135 $aur||||||||||| 181 $ctxt 182 $cc 183 $acr 200 10$aIgnorance and surprise $escience, society, and ecological design /$fMatthias Gross 210 $aCambridge, Mass. $cMIT Press$d©2010 215 $a1 online resource (255 p.) 225 1 $aInside technology 300 $aBibliographic Level Mode of Issuance: Monograph 311 $a0-262-01348-7 320 $aIncludes bibliographical references (p. [197]-228) and index. 327 $apt. I. Concepts -- pt. II. Practice -- pt. III. Outlook. 330 8 $aIn this work, Matthias Gross examines the relationship between ignorance and surprise, proposing a conceptual framework for handling the unexpected and offering case studies of ecological design that demonstrate the advantages of allowing for surprises and including ignorance in the design and negotiation processes. 410 0$aInside technology. 606 $aRestoration ecology$xSocial aspects 606 $aHuman ecology 606 $aScience$xSocial aspects 606 $aKnowledge, Sociology of 610 $aSCIENCE, TECHNOLOGY & SOCIETY/General 610 $aDESIGN/General 610 $aENVIRONMENT/Environmental Politics & Policy 615 0$aRestoration ecology$xSocial aspects. 615 0$aHuman ecology. 615 0$aScience$xSocial aspects. 615 0$aKnowledge, Sociology of. 676 $a333.71/53 700 $aGross$b Matthias$f1969-$01581237 801 0$bOCoLC-P 801 1$bOCoLC-P 906 $aBOOK 912 $a9910791356203321 996 $aIgnorance and surprise$93862654 997 $aUNINA